02429cam a22003974i 4500003000900000005001700009008004100026035002000067040003300087100004600120245020700166264001000373300002200383336002100405337002500426338002300451502005900474504002400533520124800557526001001805526001001815526000901825526000901834526000901843526000901852526000901861526000901870526000901879526000801888526000801896526000801904526000801912526000801920650006101928700004201989PE-LiUPU20250731165434.0160425s2016 pe a grm 000 0 spa d a(Sirsi) a156550 aPE-LiUPUbspacPE-LiUPUerda1 aApolinario Benito, Lisbeth Vanessaeautor1 aFactores relacionados al abandono del tratamiento de la estrategia sanitaria nacional en prevención y control de tuberculosis en el Hospital de Huaycan Lima, 2015 /cLisbeth Vanessa Apolinario Benito. 0c2016. a125 hojas c30 cm atext2rdacontent aunmediated2rdamedia avolume2rdacarrier aTesisb(Lic.) -- cUniversidad Peruana Unión,d2016. aIncluye referencias3 aObjetivo: Describir los factores relacionados al abandono del tratamiento de la estrategia sanitaria nacional de prevención y control de tuberculosis en el Hospital de Huaycán. Metodología: Fue de enfoque cuantitativo, de diseño no experimental, de corte transversal y de tipo descriptivo. La muestra estuvo conformada por 55 pacientes, entre ellos 19 mujeres y 36 hombres, los cuales fueron seleccionados por un muestreo no probabilístico de tipo intencional. Los instrumentos que se usaron fueron: una encuesta y una escala (calidad de atención). Resultados y conclusiones: Se encontró, respecto al factor sociodemográfico que el 92.7% están en el rango de 20 - 59 años, que el 78.2% contaban con nivel secundario y el 40% eran solteros. En relación al factor económico, el 54.5% poseían casa propia. En el factor ambiental, el 87.3% vivían con su familia y le ofrecían fuerza emocional (92.7%). Referente al tratamiento, se obtuvo que el 94.5% pertenecían al esquema sensible, del mismo modo, el 94.6% consideraron "mucho" o "excesivo" la cantidad de medicamentos que recibía y, por último, el 45.5% consideraron la calidad de atención como regular muestran una actitud negativa frente a esta realidad. aSEG44 aSEG26 aP151 aP150 aP149 aP146 aP145 aP126 aP125 aP92 aP75 aP74 aP27 aP1504aTuberculosis pulmonarxDignósticoxFactores de riesgo.1 aMolina Reymundo, Karina Lizetheautor